00489nam a2200145Ia 4500008004100000041000800041082001200049100001900061245004500080260004500125300003100170365000700201999001700208952011800225240624s9999 xx 000 0 und d aeng a300 HUG aHUGHES BARRY B aIMPROVING GLOBAL HEALTH PATTERNS OF POTE c2011aNew DelhibOxford University Press axvi, : 345 : p. : cm. ; 27 cRS c19369d19369 00104070aIMTNbIMTNcRack 4-Ad2012-09-03eIBHg995.00o300 HUGp19369r2024-06-24 00:00:00t1w2024-06-24yBK